Juvenile Angiofibroma (Запис № 446038)

МАРК-запис
000 -LEADER
fixed length control field 03955nam a22005535i 4500
001 - CONTROL NUMBER
control field 978-3-319-45343-9
003 - CONTROL NUMBER IDENTIFIER
control field DE-He213
005 - DATE AND TIME OF LATEST TRANSACTION
control field 20210118123308.0
007 - PHYSICAL DESCRIPTION FIXED FIELD--GENERAL INFORMATION
fixed length control field cr nn 008mamaa
008 - FIXED-LENGTH DATA ELEMENTS--GENERAL INFORMATION
fixed length control field 170109s2017 gw | s |||| 0|eng d
020 ## - INTERNATIONAL STANDARD BOOK NUMBER
International Standard Book Number 9783319453439
-- 978-3-319-45343-9
024 7# - OTHER STANDARD IDENTIFIER
Standard number or code 10.1007/978-3-319-45343-9
Source of number or code doi
050 #4 - LIBRARY OF CONGRESS CALL NUMBER
Classification number RF51-52
072 #7 - SUBJECT CATEGORY CODE
Subject category code MN
Source bicssc
072 #7 - SUBJECT CATEGORY CODE
Subject category code MED085000
Source bisacsh
072 #7 - SUBJECT CATEGORY CODE
Subject category code MN
Source thema
072 #7 - SUBJECT CATEGORY CODE
Subject category code MJP
Source thema
082 04 - DEWEY DECIMAL CLASSIFICATION NUMBER
Classification number 617.5
Edition number 23
245 10 - TITLE STATEMENT
Title Juvenile Angiofibroma
Medium [electronic resource] /
Statement of responsibility, etc edited by Siba P. Dubey, Bernhard Schick.
250 ## - EDITION STATEMENT
Edition statement 1st ed. 2017.
264 #1 -
-- Cham :
-- Springer International Publishing :
-- Imprint: Springer,
-- 2017.
300 ## - PHYSICAL DESCRIPTION
Extent XIII, 299 p. 120 illus., 47 illus. in color.
Other physical details online resource.
336 ## -
-- text
-- txt
-- rdacontent
337 ## -
-- computer
-- c
-- rdamedia
338 ## -
-- online resource
-- cr
-- rdacarrier
347 ## -
-- text file
-- PDF
-- rda
505 0# - FORMATTED CONTENTS NOTE
Formatted contents note Part I History, Anatomy and Tumor Biology -- Historical Background -- Surgical Anatomy of the Skull Base -- Pathologic and Electron Microscopic Features -- Recent Concept of Etiology -- Part II Clinical and Radiological Diagnosis -- Clinical Presentation -- Juvenile Angiofibroma and the Eye -- Radiological Diagnosis -- Staging Systems and their Use -- Part III Management -- Pre- and Intraoperative Embolization -- Anesthesia and Management of Intraoperative Bleeding -- Endoscopic Surgery -- Endoscopic Excision of Advanced with Skull Base Involvement -- Excision by Midfacial Degloving Approach -- Excision by Modified Transpalatal and Maxillary Swing Approach Excision by Le Fort I Osteotomy Approach -- Excision by Lateral Skull Base Approach -- Combined Neurosurgical and Craniofacial Approach for Large Intracranial Tumor -- Radiation Therapy -- Adjuvant Chemotherapy and Hormonal Therapy -- Part IV Other Issues -- Recurrence of Tumor - Its Prevention and Management -- Extranasopharyngeal Angiofibroma -- Remaining Controversies in Nasopharyngeal Angiofibroma. .
520 ## - SUMMARY, ETC.
Summary, etc This book provides a comprehensive up-to-date review of juvenile angiofibroma, with contributions from all relevant specialties. Starting with a brief introduction to the history, etiology and relevant anatomy, the book goes on to discuss the pathology, clinical features and treatment of this disease in depth, concluding with a summary of current controversies. Juvenile Angiofibroma is aimed at a global audience of otolaryngologists, endoscopists, head and neck surgeons, maxillofacial surgeons, pathologists, radiologists and geneticists.
506 ## - RESTRICTIONS ON ACCESS NOTE
Terms governing access Available to subscribing member institutions only. Доступно лише організаціям членам підписки.
506 ## - RESTRICTIONS ON ACCESS NOTE
Standardized terminology for access restriction Online access from local network of NaUOA.
506 ## - RESTRICTIONS ON ACCESS NOTE
Standardized terminology for access restriction Online access with authorization at https://link.springer.com/
506 ## - RESTRICTIONS ON ACCESS NOTE
Standardized terminology for access restriction Онлайн-доступ з локальної мережі НаУОА.
506 ## - RESTRICTIONS ON ACCESS NOTE
Standardized terminology for access restriction Онлайн доступ з авторизацією на https://link.springer.com/
650 #0 - SUBJECT ADDED ENTRY--TOPICAL TERM
Topical term or geographic name as entry element Otolaryngologic surgery.
650 #0 - SUBJECT ADDED ENTRY--TOPICAL TERM
Topical term or geographic name as entry element Pathology.
650 14 - SUBJECT ADDED ENTRY--TOPICAL TERM
Topical term or geographic name as entry element Head and Neck Surgery.
-- http://scigraph.springernature.com/things/product-market-codes/H46015
650 24 - SUBJECT ADDED ENTRY--TOPICAL TERM
Topical term or geographic name as entry element Pathology.
-- http://scigraph.springernature.com/things/product-market-codes/H4800X
700 1# - ADDED ENTRY--PERSONAL NAME
Personal name Dubey, Siba P.
Relator term editor.
Relator code edt
-- http://id.loc.gov/vocabulary/relators/edt
700 1# - ADDED ENTRY--PERSONAL NAME
Personal name Schick, Bernhard.
Relator term editor.
Relator code edt
-- http://id.loc.gov/vocabulary/relators/edt
710 2# - ADDED ENTRY--CORPORATE NAME
Corporate name or jurisdiction name as entry element SpringerLink (Online service)
773 0# - HOST ITEM ENTRY
Title Springer eBooks
776 08 - ADDITIONAL PHYSICAL FORM ENTRY
Display text Printed edition:
International Standard Book Number 9783319453415
776 08 - ADDITIONAL PHYSICAL FORM ENTRY
Display text Printed edition:
International Standard Book Number 9783319453422
856 40 - ELECTRONIC LOCATION AND ACCESS
Uniform Resource Identifier <a href="https://doi.org/10.1007/978-3-319-45343-9">https://doi.org/10.1007/978-3-319-45343-9</a>
912 ## -
-- ZDB-2-SME
942 ## - ADDED ENTRY ELEMENTS (KOHA)
Koha item type ЕКнига

Немає доступних примірників.